00330nam a22001331a 4500020000900000040002600009050002100035245005300056300001400109500001500123600001800138600003700156852000300193 c0.00 aNEGST Library - Kenya aDT 16.B2N37 2007 aNarratives of Ndali life and culture : ch[Text] ax, 237 p. a[Africana] aBantu People  aNdali People - Culture and life